000 00274nam a22001217a 4500
008 181008b xxu||||| |||| 00| 0 eng d
041 _aeng
080 _a541
100 _a12
101 _aKIM
245 _aBasic Principles of Organic Chemistry
_cRoberts
942 _2udc
_cBK
999 _c49081
_d49081